00418nam a2200169Ia 4500008004100000020001800041245001900059245005300078260001500131260001600146260000900162300001500171300002500186300001000211500000800221999001900229170705s9999 xx 000 0 und d a9780590424042 aHelen Keller / cMargaret Davidson ; illustrated by Wendy Watson. aNew York : bScholastic, c1969 a95 pages : bcolor illustration ; c19cm. a520 c335953d335953